ბათუმის შოთა რუსთაველის სახელმწიფო უნივერსიტეტის ბიბლიოთეკა

ჩაის კულტურის ისტორიისათვის საქართველში (ბიბ.ჩანაწერი № 44652)

000 -LEADER
fixed length control field 00820nam a2200205Ia 4500
001 - CONTROL NUMBER
control field 11455
003 - CONTROL NUMBER IDENTIFIER
control field GE_BSU
008 - FIXED-LENGTH DATA ELEMENTS--GENERAL INFORMATION
fixed length control field 181216s||||||||xx |||||||||||||| ||und||
040 ## - CATALOGING SOURCE
Transcribing agency GE_BSU
080 ## - UNIVERSAL DECIMAL CLASSIFICATION NUMBER
Universal Decimal Classification number 633.72(479.22)(09)
100 ## - MAIN ENTRY--PERSONAL NAME
Personal name ქარჩავა,გ.
245 ## - TITLE STATEMENT
Title ჩაის კულტურის ისტორიისათვის საქართველში
245 ## - TITLE STATEMENT
Statement of responsibility, etc. რედ:ეთერი ტრიპოლსკაია; მხატვ:ანზორ ებრალიძე.
260 ## - PUBLICATION, DISTRIBUTION, ETC.
Place of publication, distribution, etc. თბილისი
260 ## - PUBLICATION, DISTRIBUTION, ETC.
Name of publisher, distributor, etc. საბჭოთა საქართველო
260 ## - PUBLICATION, DISTRIBUTION, ETC.
Date of publication, distribution, etc. 1970
300 ## - PHYSICAL DESCRIPTION
Extent 129გვ;20სმ.
653 ## - INDEX TERM--UNCONTROLLED
Uncontrolled term ჩაის კულტურის ისტორიისათვის საქართველში
942 ## - ADDED ENTRY ELEMENTS (KOHA)
Koha item type წიგნი
ეგზემპლარები
Withdrawn status Lost status Damaged status Not for loan Date acquired Barcode Date last seen Price effective from Koha item type
        2018-12-17 20249 2018-12-17 2018-12-17 წიგნი
        2018-12-17 20250 2018-12-17 2018-12-17 წიგნი